00311nam a2200133Ia 4500100003200000650001400032250000700046366000700053654001400060245002800074260004400102082001900146546001200165 aKotler/Philip/ Armstrong/G  aMarketing a12 f20 amarketing aPrinciples of marketing bPrentice Hall of IndiaaNew Delhic2008 a658.8/KOTbKOT aENGLISH